Ellenség kerestetik

Elmentve itt :
Bibliográfiai részletek
Szerző: HORVÁTH Andor
Adatforrás:Meister
Forrásdokumentuma:A Hét. -
20 sz., 1990, 1; 8-9 p.
Nyelv:magyar
Kulcsszavak:politikai publicisztika
politológia
kommunizmus
ellenségkép
totalitarizmus
ceausizmus
demokrácia
román társadalom
félelem
manipuláció
mass-media
LEADER 00611nab a2200241 i 4500
001 bibPRO00006214
008 060524s1990 xx hun
040 |a Sz1 
041 |a hun 
100 1 |a HORVÁTH Andor 
245 1 0 |a Ellenség kerestetik  |c HORVÁTH Andor 
695 |a politikai publicisztika 
695 |a politológia 
695 |a kommunizmus 
695 |a ellenségkép 
695 |a totalitarizmus 
695 |a ceausizmus 
695 |a demokrácia 
695 |a román társadalom 
695 |a félelem 
695 |a manipuláció 
695 |a mass-media 
773 0 |t A Hét. -  |g 20 sz., 1990, 1; 8-9 p.